この木なんの木の歌詞 - Statistics

General Stats
  • This quiz has been taken 186 times
  • The average score is 19 of 32
Answer Stats
歌詞 % Correct
この木なんの木
98%
この木なんの木
98%
この木なんの木
98%
この木なんの木
98%
気になる木
92%
気になる木
92%
気になる木
92%
気になる木
92%
木ですから
90%
木ですから
90%
木ですから
90%
木ですから
90%
名前も知らない
80%
名前も知らない
80%
花が咲くでしょう
68%
木になるでしょう
66%
見たこともない
66%
見たこともない
66%
木になるでしょう
66%
実がなるでしょう
38%
みんなが集まる
36%
みんなが集まる
36%
その日をその日を
25%
みんなで待ちましょう
25%
夢見て夢見て
21%
幹が大きく育って
16%
なんとも不思議な
16%
なんとも不思議な
16%
根を広げて
14%
その日を待ちましょう
14%
森になる日が未来
11%
いつか葉が繁って
8%
No matching quizzes found
Score Distribution
Percent of People with Each Score
Percentile by Number Answered
Your Score History
You have not taken this quiz